[Event "San Francisco TNM Spring op"]
[Site "San Francisco"]
[Date "2016.03.15"]
[Round "1"]
[White "Steger, Eric Alan"]
[Black "Simpkins, Jerry"]
[Result "0-1"]
[WhiteElo "2002"]
[BlackElo "1512"]
[PlyCount "74"]
[EventDate "2016.03.15"]
[EventType "swiss"]
[EventRounds "8"]
[EventCountry "USA"]
[SourceTitle "EXT 2018"]
[Source "ChessBase"]
[SourceDate "2017.10.13"]
[SourceVersion "1"]
[SourceVersionDate "2017.10.13"]
[SourceQuality "1"]

1. e4 e5 2. Nf3 Nc6 3. Bb5 d6 4. d4 Bd7 5. 0-0 Nf6 6. Nc3 a6 7. dxe5 Nxe5 8. Bxd7+ Nfxd7 9. Nd4 Be7 10. f4 Nc6 11. Nxc6 bxc6 12. b3 Bf6 13. Bb2 0-0 14. Na4 Qe7 15. Qe2 Bxb2 16. Nxb2 Qf6 17. c4 Nc5 18. Rae1 Rfe8 19. e5 Qe7 20. Qf2 a5 21. Qg3 d5 22. cxd5 cxd5 23. Qe3 Ne4 24. Na4 Qb4 25. Rd1 Red8 26. f5 c6 27. f6 Re8 28. fxg7 Rxe5 29. Rc1 d4 30. Qf4 Qe7 31. Rxc6 d3 32. Nb6 Rd8 33. Nc8 Qe8 34. Rc7 f5 35. Qxe5 Qxe5 36. Ne7+ Kxg7 37. Nd5+ Kh8 0-1

[Event "San Francisco TNM Winter op"]
[Site "San Francisco"]
[Date "2016.02.09"]
[Round "6"]
[White "Melville, Cailen Jeremiah"]
[Black "Steger, Eric Alan"]
[Result "1-0"]
[WhiteElo "1861"]
[BlackElo "2038"]
[PlyCount "37"]
[EventDate "2016.01.05"]
[EventType "swiss"]
[EventRounds "8"]
[EventCountry "USA"]
[SourceTitle "EXT 2018"]
[Source "ChessBase"]
[SourceDate "2017.10.13"]
[SourceVersion "1"]
[SourceVersionDate "2017.10.13"]
[SourceQuality "1"]

1. d4 Nf6 2. c4 g6 3. Bg5 Bg7 4. Nc3 0-0 5. e4 d6 6. Qd2 c5 7. d5 Re8 8. f3 e6 9. Nge2 Qa5 10. Nb5 Qb6 11. dxe6 Rxe6 12. Nf4 Nxe4 13. fxe4 Rxe4+ 14. Be2 Be5 15. Nd5 Qa6 16. Ne7+ Kf8 17. Nxc8 f6 18. 0-0 Nc6 19. Nc7 1-0

[Event "San Francisco TNM Fall op"]
[Site "San Francisco"]
[Date "2015.11.24"]
[Round "6"]
[White "Steger, Eric Alan"]
[Black "Byambaa, Uyanga"]
[Result "1-0"]
[WhiteElo "1897"]
[BlackElo "2065"]
[PlyCount "117"]
[EventDate "2015.10.20"]
[EventType "swiss"]
[EventRounds "9"]
[EventCountry "USA"]
[SourceTitle "EXT 2023"]
[Source "ChessBase"]
[SourceDate "2022.10.05"]
[SourceVersion "1"]
[SourceVersionDate "2022.10.05"]
[SourceQuality "1"]

1. e4 c5 2. Nf3 d6 3. d4 cxd4 4. Qxd4 a6 5. c4 Nf6 6. h3 Nc6 7. Qe3 g6 8. Bd2 Bg7 9. Bc3 0-0 10. Be2 Rb8 11. Na3 Bd7 12. 0-0 Qc7 13. Rac1 b6 14. Nc2 Qb7 15. Rfe1 Rbc8 16. Bf1 Rfd8 17. Ncd4 e5 18. Nxc6 Bxc6 19. Nd2 Nh5 20. g3 Rf8 21. Be2 Rc7 22. Bxh5 gxh5 23. Qg5 f5 24. exf5 Rcf7 25. g4 hxg4 26. hxg4 Rf6 27. Re3 Rh6 28. f3 Kh8 29. Ne4 Rg8 30. Re2 Bf8 31. Qe3 Rh4 32. Qf2 Bxe4 33. Rxe4 Qxe4 34. fxe4 Rgxg4+ 35. Kf1 Rh1+ 36. Ke2 Rxc1 37. Qxb6 Rxe4+ 38. Kd3 Rf4 39. Bd2 Rd4+ 40. Qxd4 exd4 41. Bxc1 Bg7 42. b4 Be5 43. b5 axb5 44. cxb5 d5 45. b6 h5 46. Bb2 Kg8 47. Bxd4 Bb8 48. Bf6 Kf7 49. Bh4 Ke8 50. Kd4 Kd7 51. Kxd5 Bd6 52. a4 Bb4 53. Kc4 Bd2 54. Kb5 Kc8 55. Kc6 Bf4 56. a5 Kb8 57. a6 Ka8 58. f6 Bg3 59. Bxg3 1-0

[Event "San Francisco TNM Summer op"]
[Site "San Francisco"]
[Date "2015.06.30"]
[Round "6"]
[White "Newey, Richard H"]
[Black "Steger, Eric Alan"]
[Result "1-0"]
[WhiteElo "1795"]
[BlackElo "2007"]
[PlyCount "103"]
[EventDate "2015.05.26"]
[EventType "swiss"]
[EventRounds "8"]
[EventCountry "USA"]
[SourceTitle "EXT 2016"]
[Source "ChessBase"]
[SourceDate "2015.10.08"]
[SourceVersion "1"]
[SourceVersionDate "2015.10.08"]
[SourceQuality "1"]

1. e4 e5 2. Nf3 Nc6 3. Nc3 Nf6 4. Bd3 Bb4 5. 0-0 d6 6. h3 0-0 7. a3 Bxc3 8. bxc3 Ne7 9. Re1 Ng6 10. Bc4 c6 11. Bb3 Qe7 12. d3 a5 13. Bg5 h6 14. Be3 a4 15. Ba2 Nh5 16. Kh2 Nhf4 17. Qd2 Kh7 18. d4 Qf6 19. Rad1 Nxh3 20. dxe5 dxe5 21. Qd6 Be6 22. Bxe6 fxe6 23. Kxh3 Rad8 24. Qc7 Rc8 25. Qxb7 Rb8 26. Qxc6 Rbc8 27. Qxa4 Ra8 28. Qb3 Rfb8 29. Qa2 Qe7 30. a4 Rf8 31. Kh2 Qe8 32. a5 Rxf3 33. gxf3 Nh4 34. Kg1 Qg6+ 35. Kf1 Qg2+ 36. Ke2 Qxf3+ 37. Kd2 Qxe4 38. Kc1 Nf3 39. Bd2 Nxe1 40. Rxe1 Qf5 41. Be3 e4 42. a6 Qb5 43. a7 Qc6 44. Qb3 g5 45. Qb4 Kg6 46. Rd1 Kf5 47. Rd6 Qe8 48. Qc5+ Kg4 49. Qe5 Qa4 50. Qxe6+ Kf3 51. Qh3+ Ke2 52. Qg4+ 1-0

[Event "San Francisco TNM Summer op"]
[Site "San Francisco"]
[Date "2015.06.16"]
[Round "4"]
[White "Sun, James"]
[Black "Steger, Eric Alan"]
[Result "1-0"]
[WhiteElo "2081"]
[BlackElo "2007"]
[PlyCount "105"]
[EventDate "2015.05.26"]
[EventType "swiss"]
[EventRounds "8"]
[EventCountry "USA"]
[SourceTitle "EXT 2016"]
[Source "ChessBase"]
[SourceDate "2015.10.08"]
[SourceVersion "1"]
[SourceVersionDate "2015.10.08"]
[SourceQuality "1"]

1. e4 e5 2. Nc3 Nc6 3. f4 d6 4. Nf3 Bg4 5. Bb5 Qd7 6. h3 Bxf3 7. Qxf3 a6 8. Ba4 b5 9. Bb3 Nd4 10. Qf2 c6 11. d3 f6 12. Be3 Nxb3 13. axb3 exf4 14. Bxf4 Ne7 15. 0-0 Ng6 16. Be3 Be7 17. Ne2 0-0 18. Nd4 Rfe8 19. Qf5 Qxf5 20. exf5 Ne5 21. Ra2 c5 22. Ne6 Rec8 23. Rfa1 g6 24. Rxa6 Rxa6 25. Rxa6 gxf5 26. d4 Kf7 27. d5 Nc6 28. c3 Ne5 29. Kf2 c4 30. bxc4 Nxc4 31. Ra2 Rb8 32. b3 Ne5 33. Bd4 Nd3+ 34. Ke3 Nc5 35. Bxc5 dxc5 36. Ra7 Re8 37. Kf3 Kg6 38. Rd7 Bf8 39. Rb7 b4 40. cxb4 cxb4 41. Nxf8+ Rxf8 42. Rxb4 Rd8 43. Rd4 Rd6 44. Kf4 Kf7 45. Kxf5 Ke7 46. Ke4 Kf7 47. Rc4 Rb6 48. b4 Rb5 49. Kd4 Ke7 50. Rc7+ Kd6 51. Rc6+ Ke7 52. Kc4 Rb7 53. b5 1-0

[Event "San Francisco TNM Spring op"]
[Site "San Francisco"]
[Date "2015.05.05"]
[Round "8"]
[White "Nelson, Christopher"]
[Black "Steger, Eric Alan"]
[Result "0-1"]
[WhiteElo "1665"]
[BlackElo "1963"]
[PlyCount "84"]
[EventDate "2015.03.17"]
[EventType "swiss"]
[EventRounds "8"]
[EventCountry "USA"]
[SourceTitle "EXT 2016"]
[Source "ChessBase"]
[SourceDate "2015.10.08"]
[SourceVersion "1"]
[SourceVersionDate "2015.10.08"]
[SourceQuality "1"]

1. d4 Nf6 2. c4 g6 3. Nc3 Bg7 4. e4 d6 5. f3 0-0 6. Be3 c5 7. Nge2 Nc6 8. d5 Ne5 9. Nc1 e6 10. Qd2 exd5 11. cxd5 a6 12. Be2 b5 13. Bh6 b4 14. Nd1 Nxe4 15. Qf4 Nf6 16. Bxg7 Kxg7 17. Ne3 Nh5 18. Qe4 f5 19. Qc2 Qh4+ 20. Kd2 Qd4+ 21. Nd3 c4 22. Nxc4 Nxc4+ 23. Kc1 Bb7 24. Nxb4 Rac8 25. Rd1 Qf4+ 26. Kb1 Na3+ 27. bxa3 Rxc2 28. Nxc2 Rb8 29. Nd4 Bxd5+ 30. Kc2 Qe5 31. g3 Bf7 32. f4 Qc5+ 33. Kd3 Qxa3+ 34. Kd2 Qb4+ 35. Ke3 Re8+ 36. Kf2 Qc3 37. Kg2 Bd5+ 38. Kh3 Nxf4+ 39. Kh4 Nxe2 40. Nxe2 Rxe2 41. Rac1 Qf6+ 42. Kh3 Bg2# 0-1

[Event "San Francisco TNM Spring op"]
[Site "San Francisco"]
[Date "2015.04.21"]
[Round "6"]
[White "Uzzaman, Ashik"]
[Black "Steger, Eric Alan"]
[Result "1/2-1/2"]
[WhiteElo "2045"]
[BlackElo "1963"]
[PlyCount "74"]
[EventDate "2015.03.17"]
[EventType "swiss"]
[EventRounds "8"]
[EventCountry "USA"]
[SourceTitle "EXT 2016"]
[Source "ChessBase"]
[SourceDate "2015.10.08"]
[SourceVersion "1"]
[SourceVersionDate "2015.10.08"]
[SourceQuality "1"]

1. e4 e5 2. f4 d5 3. exd5 e4 4. d3 Qxd5 5. Nc3 Bb4 6. Bd2 Bxc3 7. Bxc3 f6 8. Qe2 Ne7 9. dxe4 Qc5 10. Nf3 Nbc6 11. 0-0-0 Be6 12. e5 Kf7 13. exf6 gxf6 14. a3 Rhd8 15. Re1 Ba2 16. g4 Re8 17. Qd3 Ng6 18. Rxe8 Rxe8 19. Bd2 Rd8 20. Qe3 Qxe3 21. Bxe3 Bd5 22. Bg2 Nd4 23. Nxd4 Bxg2 24. Rg1 Nxf4 25. Bxf4 Rxd4 26. Rxg2 Rxf4 27. Kd2 f5 28. Ke3 Rxg4 29. Rxg4 fxg4 30. Kf4 h5 31. Kg5 Ke6 32. Kxh5 Kf5 33. c4 a5 34. b4 a4 35. Kh6 Kf6 36. Kh5 Kf5 37. Kh6 Kf6 1/2-1/2

[Event "San Francisco TNM Spring op"]
[Site "San Francisco"]
[Date "2015.04.14"]
[Round "5"]
[White "Steger, Eric Alan"]
[Black "Vickers, Keith"]
[Result "1/2-1/2"]
[WhiteElo "1963"]
[BlackElo "2200"]
[PlyCount "87"]
[EventDate "2015.03.17"]
[EventType "swiss"]
[EventRounds "8"]
[EventCountry "USA"]
[SourceTitle "EXT 2016"]
[Source "ChessBase"]
[SourceDate "2015.10.08"]
[SourceVersion "1"]
[SourceVersionDate "2015.10.08"]
[SourceQuality "1"]

1. e4 Nc6 2. Nf3 Nf6 3. e5 Ng8 4. d4 d5 5. Bb5 Bg4 6. c3 Qd7 7. Qa4 Bxf3 8. gxf3 e6 9. Bxc6 Qxc6 10. Qxc6+ bxc6 11. b4 Ne7 12. Nd2 Nf5 13. Nb3 Kd7 14. Ke2 Be7 15. Be3 f6 16. f4 fxe5 17. dxe5 Nxe3 18. fxe3 c5 19. bxc5 Rab8 20. Rab1 c6 21. Rhd1 g5 22. Rd4 gxf4 23. exf4 Rhg8 24. Rf1 a5 25. Ra4 Rb5 26. Rf3 Rg2+ 27. Kd3 Rxh2 28. f5 exf5 29. e6+ Ke8 30. Rxa5 Rxa5 31. Nxa5 Rxa2 32. Nxc6 Ra6 33. Nd4 Bxc5 34. Rxf5 Bxd4 35. Kxd4 Rxe6 36. Kxd5 Rg6 37. c4 h6 38. c5 Kd7 39. Rf7+ Kd8 40. Rh7 Rf6 41. c6 Rf1 42. Rxh6 Rd1+ 43. Ke6 Kc7 44. Ke5 1/2-1/2

[Event "San Francisco TNM Spring op"]
[Site "San Francisco"]
[Date "2015.03.17"]
[Round "1"]
[White "Simpkins, Jerry"]
[Black "Steger, Eric Alan"]
[Result "0-1"]
[WhiteElo "1478"]
[BlackElo "1963"]
[PlyCount "92"]
[EventDate "2015.03.17"]
[EventType "swiss"]
[EventRounds "8"]
[EventCountry "USA"]
[SourceTitle "EXT 2016"]
[Source "ChessBase"]
[SourceDate "2015.10.08"]
[SourceVersion "1"]
[SourceVersionDate "2015.10.08"]
[SourceQuality "1"]

1. e4 e5 2. Nf3 Nc6 3. c3 Nf6 4. d4 exd4 5. e5 Nd5 6. cxd4 Bb4+ 7. Bd2 Bxd2+ 8. Nbxd2 d6 9. Bc4 dxe5 10. dxe5 0-0 11. 0-0 Nb6 12. Bb3 Nd4 13. Ne4 Nxb3 14. Qxb3 Be6 15. Qc3 Nd5 16. Qc1 Qe7 17. Nfg5 h6 18. Nxe6 Qxe6 19. f4 b6 20. Qe1 Rfe8 21. Qg3 Qf5 22. Rae1 Rad8 23. Qh4 Qh7 24. g4 Nb4 25. f5 Rd4 26. g5 Red8 27. gxh6 Qxh6 28. Qxh6 gxh6 29. Nf6+ Kg7 30. Re2 Nd5 31. Nh5+ Kh7 32. Rg2 Ne3 33. Rg7+ Kh8 34. Re1 Nc2 35. Re2 Rd1+ 36. Kf2 Nd4 37. Rxf7 Kg8 38. Rg7+ Kh8 39. Rxc7 Nxf5 40. Nf6 Ng7 41. e6 Rf8 42. Rf7 Rxf7 43. exf7 Rd8 44. Nh5 Rf8 45. Re7 Nxh5 46. Re8 Kg7 0-1

[Event "San Francisco TNM Winter op"]
[Site "San Francisco"]
[Date "2015.01.13"]
[Round "2"]
[White "Steger, Eric Alan"]
[Black "McKellar, Daniel"]
[Result "1-0"]
[WhiteElo "1973"]
[BlackElo "1653"]
[PlyCount "109"]
[EventDate "2015.01.06"]
[EventType "swiss"]
[EventRounds "8"]
[EventCountry "USA"]
[SourceTitle "EXT 2016"]
[Source "ChessBase"]
[SourceDate "2015.10.08"]
[SourceVersion "1"]
[SourceVersionDate "2015.10.08"]
[SourceQuality "1"]

1. e4 e6 2. Nf3 d5 3. Nc3 d4 4. Ne2 c5 5. c3 Nf6 6. d3 Nc6 7. g3 e5 8. Bg2 Be7 9. 0-0 0-0 10. cxd4 cxd4 11. Bg5 Be6 12. Rc1 Nd7 13. Bxe7 Qxe7 14. a3 Rac8 15. Qa4 Nc5 16. Qb5 Nb3 17. Rc2 a6 18. Qb6 f6 19. Nc1 Nca5 20. Nxb3 Nxb3 21. Ne1 Rxc2 22. Nxc2 Rc8 23. Nb4 Qd7 24. Nd5 Nc1 25. Nb4 Bh3 26. f3 Bxg2 27. Kxg2 Qc7 28. Qe6+ Kh8 29. f4 a5 30. Nd5 Qc6 31. Qf7 Nxd3 32. Kh3 Nxb2 33. fxe5 Qe8 34. Qxe8+ Rxe8 35. exf6 gxf6 36. Rb1 Nc4 37. Rxb7 Rf8 38. Kg2 Nxa3 39. Kf3 Nc4 40. Ra7 Kg8 41. Ne7+ Kh8 42. Nd5 d3 43. g4 d2 44. Ke2 Rd8 45. Rc7 Nb6 46. Nc3 a4 47. Rc6 Nc8 48. Ra6 a3 49. Rxa3 Nd6 50. Ra4 Nb5 51. Nd1 Nc7 52. Ra2 Ne6 53. Ke3 Kg7 54. Rxd2 Rxd2 55. Kxd2 1-0

[Event "San Francisco TNM Fall op"]
[Site "San Francisco"]
[Date "2014.12.09"]
[Round "7"]
[White "Walder, Michael S"]
[Black "Steger, Eric Alan"]
[Result "1-0"]
[WhiteElo "2130"]
[BlackElo "1989"]
[PlyCount "105"]
[EventDate "2014.10.21"]
[EventType "swiss"]
[EventRounds "8"]
[EventCountry "USA"]
[SourceTitle "EXT 2016"]
[Source "ChessBase"]
[SourceDate "2015.10.08"]
[SourceVersion "1"]
[SourceVersionDate "2015.10.08"]
[SourceQuality "1"]

1. d4 Nf6 2. Nf3 g6 3. c4 Bg7 4. Nc3 0-0 5. e4 d6 6. Be2 e5 7. 0-0 Nc6 8. d5 Ne7 9. b4 a5 10. bxa5 Rxa5 11. a4 Nd7 12. Ba3 b6 13. Bb4 Ra8 14. a5 bxa5 15. Rxa5 Rxa5 16. Bxa5 Nc5 17. Nd2 Bd7 18. Nb5 Bxb5 19. cxb5 f5 20. f3 Bh6 21. Nc4 Nc8 22. Qc2 fxe4 23. fxe4 Rxf1+ 24. Bxf1 Nb6 25. Bxb6 cxb6 26. g3 Qc7 27. Bh3 Nd7 28. Be6+ Kg7 29. Bxd7 Qxd7 30. Qb3 Qc7 31. Qb4 Bg5 32. Kf2 Be7 33. Ke3 Kf7 34. Kd3 Ke8 35. Qa3 Bf8 36. Qa8+ Ke7 37. Qc6 Kd8 38. Qxb6 Qxb6 39. Nxb6 Kc7 40. Nc4 Be7 41. Kc3 h5 42. Kb4 Kb7 43. Ka5 g5 44. h3 g4 45. hxg4 hxg4 46. Ne3 Bg5 47. Nxg4 Bd2+ 48. Ka4 Be1 49. Nf6 Bxg3 50. Ne8 Be1 51. Nxd6+ Kc7 52. Nc4 Bc3 53. b6+ 1-0

[Event "San Francisco TNM Fall op"]
[Site "San Francisco"]
[Date "2014.12.02"]
[Round "6"]
[White "Steger, Eric Alan"]
[Black "Lin, Aung Tun"]
[Result "1-0"]
[WhiteElo "1989"]
[BlackElo "1689"]
[PlyCount "95"]
[EventDate "2014.10.21"]
[EventType "swiss"]
[EventRounds "8"]
[EventCountry "USA"]
[SourceTitle "EXT 2016"]
[Source "ChessBase"]
[SourceDate "2015.10.08"]
[SourceVersion "1"]
[SourceVersionDate "2015.10.08"]
[SourceQuality "1"]

1. e4 c5 2. Nf3 Nc6 3. Bb5 a6 4. Bxc6 bxc6 5. 0-0 d6 6. e5 Bg4 7. h3 Bh5 8. exd6 Qxd6 9. Nc3 f5 10. d3 Nf6 11. Qe2 Nd7 12. Re1 Ra7 13. Qe3 Bxf3 14. Qxf3 g6 15. Bf4 Qf6 16. Qg3 h6 17. h4 Rh7 18. Rad1 Bg7 19. Bd6 e5 20. Bxe5 Nxe5 21. Rxe5+ Qxe5 22. Qxg6+ Kf8 23. Qxh7 Qe6 24. h5 Rf7 25. Qg6 Rf6 26. Qg3 f4 27. Qf3 Rf5 28. Ne4 Bxb2 29. Qg4 Qd5 30. c4 Qe5 31. Rb1 Rf7 32. Qc8+ Kg7 33. Qxc6 Qxh5 34. Qxc5 Qe2 35. Qd5 f3 36. Nd6 Rf6 37. Qb7+ Kg6 38. Qe4+ Qxe4 39. Nxe4 Rb6 40. c5 Rb5 41. c6 Be5 42. Rxb5 axb5 43. d4 Bb8 44. Nc5 Kf7 45. Na6 Bd6 46. c7 Bxc7 47. Nxc7 b4 48. Nd5 1-0

[Event "San Francisco TNM Jay Whitehead op"]
[Site "San Francisco"]
[Date "2014.09.23"]
[Round "8"]
[White "Steger, Eric Alan"]
[Black "Chea, Na"]
[Result "1-0"]
[WhiteElo "1931"]
[BlackElo "1519"]
[PlyCount "59"]
[EventDate "2014.08.05"]
[EventType "swiss"]
[EventRounds "9"]
[EventCountry "USA"]
[SourceTitle "EXT 2016"]
[Source "ChessBase"]
[SourceDate "2015.10.08"]
[SourceVersion "1"]
[SourceVersionDate "2015.10.08"]
[SourceQuality "1"]

1. e4 e5 2. Nf3 Nc6 3. Bb5 a6 4. Ba4 Nf6 5. 0-0 Be7 6. Re1 b5 7. Bb3 d6 8. c3 Na5 9. Bc2 c5 10. h3 0-0 11. d4 Qc7 12. Nbd2 Bb7 13. Nf1 Rfd8 14. Ng3 d5 15. Nxe5 dxe4 16. Nxe4 Rac8 17. Nxf7 Rd5 18. Ne5 cxd4 19. Ng4 dxc3 20. Nexf6+ Bxf6 21. Nxf6+ gxf6 22. Qg4+ Kh8 23. Bf4 Qf7 24. b3 Rg8 25. Qf3 Rd2 26. Be4 Bxe4 27. Qxe4 Qd5 28. Qxd5 Rxd5 29. Rac1 Rc8 30. Re6 1-0

[Event "San Francisco TNM Jay Whitehead op"]
[Site "San Francisco"]
[Date "2014.09.02"]
[Round "5"]
[White "Uzzaman, Ashik"]
[Black "Steger, Eric Alan"]
[Result "1-0"]
[WhiteElo "2102"]
[BlackElo "1931"]
[PlyCount "73"]
[EventDate "2014.08.05"]
[EventType "swiss"]
[EventRounds "9"]
[EventCountry "USA"]
[SourceTitle "EXT 2016"]
[Source "ChessBase"]
[SourceDate "2015.10.08"]
[SourceVersion "1"]
[SourceVersionDate "2015.10.08"]
[SourceQuality "1"]

1. e4 e5 2. Nf3 Nc6 3. d4 exd4 4. Bc4 Bc5 5. c3 Qe7 6. 0-0 d3 7. Bg5 f6 8. Bf4 d6 9. Bxd3 Bg4 10. Nbd2 h5 11. a4 g5 12. Be3 Bxe3 13. fxe3 0-0-0 14. a5 d5 15. a6 b6 16. Qa4 Qc5 17. Nd4 Bd7 18. exd5 Ne5 19. Bf5 Bxf5 20. Rxf5 Qxd5 21. c4 Qd7 22. Qc2 c5 23. Qe4 cxd4 24. Qa8+ Kc7 25. Qb7+ Kd6 26. Qd5+ Ke7 27. Rxe5+ fxe5 28. Qxe5+ Qe6 29. Qg7+ Ke8 30. Qxh8 dxe3 31. Ne4 e2 32. Qxh5+ Kf8 33. Qxe2 Re8 34. Rf1+ Kg7 35. Qh5 g4 36. Nd6 Qe3+ 37. Kh1 1-0

[Event "San Francisco TNM Summer op"]
[Site "San Francisco"]
[Date "2014.06.24"]
[Round "5"]
[White "Steger, Eric Alan"]
[Black "Rosenstein, Perry B"]
[Result "1-0"]
[WhiteElo "1904"]
[BlackElo "1725"]
[PlyCount "85"]
[EventDate "2014.05.27"]
[EventType "swiss"]
[EventRounds "8"]
[EventCountry "USA"]
[SourceTitle "EXT 2016"]
[Source "ChessBase"]
[SourceDate "2015.10.08"]
[SourceVersion "1"]
[SourceVersionDate "2015.10.08"]
[SourceQuality "1"]

1. e4 c5 2. Nf3 d6 3. d4 cxd4 4. Qxd4 Nc6 5. Bb5 Bd7 6. Bxc6 Bxc6 7. c4 Nf6 8. Nc3 e6 9. 0-0 Be7 10. Rd1 0-0 11. b3 a6 12. Bb2 Qc7 13. h3 Rfd8 14. Rac1 Rac8 15. Qe3 h6 16. Nd4 Rd7 17. Rd3 Nh5 18. Qf3 Nf6 19. Nd5 Qd8 20. Nxe7+ Qxe7 21. Nxc6 Rxc6 22. Rcd1 e5 23. Ba3 b6 24. g3 Qe6 25. Kg2 Nh7 26. Qf5 Qxf5 27. exf5 Nf6 28. Rxd6 Rcxd6 29. Rxd6 Rxd6 30. Bxd6 e4 31. g4 Nd7 32. Kg3 g6 33. fxg6 fxg6 34. Kf4 Nf6 35. Be7 Kf7 36. Bxf6 Kxf6 37. h4 Ke6 38. Kxe4 Kd6 39. b4 a5 40. a3 a4 41. f4 Ke6 42. c5 bxc5 43. bxc5 1-0

[Event "San Francisco TNM Winter op"]
[Site "San Francisco"]
[Date "2014.02.11"]
[Round "6"]
[White "Standen, Julian"]
[Black "Steger, Eric Alan"]
[Result "1/2-1/2"]
[WhiteElo "1637"]
[BlackElo "1937"]
[PlyCount "97"]
[EventDate "2014.01.07"]
[EventType "swiss"]
[EventRounds "8"]
[EventCountry "USA"]
[SourceTitle "EXT 2016"]
[Source "ChessBase"]
[SourceDate "2015.10.08"]
[SourceVersion "1"]
[SourceVersionDate "2015.10.08"]
[SourceQuality "1"]

1. d4 Nf6 2. Nf3 g6 3. Bg5 Bg7 4. Nbd2 0-0 5. e4 d6 6. Be2 c5 7. dxc5 dxc5 8. c3 Nc6 9. 0-0 Qc7 10. Qc2 b6 11. Rfe1 e5 12. Rad1 Bb7 13. h3 h6 14. Bh4 Rad8 15. Nc4 g5 16. Bg3 Nh7 17. Ne3 Ne7 18. Ng4 Ng6 19. Ne3 Ne7 20. Ng4 f6 21. Ne3 Rxd1 22. Rxd1 Rd8 23. Ne1 Nf8 24. f3 Bc8 25. Rxd8 Qxd8 26. Qd1 Qxd1 27. Nxd1 Ne6 28. Bf2 Nf4 29. Bf1 Be6 30. b3 Nc6 31. Nd3 Kf8 32. g4 Ke7 33. Ne3 Kd7 34. Nxf4 exf4 35. Nf5 Bf8 36. Be2 Ne5 37. c4 Kc6 38. Be1 Bxf5 39. exf5 Bd6 40. Kf2 a6 41. a4 Nd7 42. Bd3 Be5 43. Be4+ Kc7 44. Ke2 Bd4 45. Bd2 Ne5 46. Be1 Nc6 47. Bxc6 Kxc6 48. Kd3 a5 49. Bd2 1/2-1/2

[Event "San Francisco TNM Winter op"]
[Site "San Francisco"]
[Date "2014.01.21"]
[Round "3"]
[White "Steger, Eric Alan"]
[Black "Grey, Peter G"]
[Result "1/2-1/2"]
[WhiteElo "1937"]
[BlackElo "2000"]
[PlyCount "80"]
[EventDate "2014.01.07"]
[EventType "swiss"]
[EventRounds "8"]
[EventCountry "USA"]
[SourceTitle "EXT 2016"]
[Source "ChessBase"]
[SourceDate "2015.10.08"]
[SourceVersion "1"]
[SourceVersionDate "2015.10.08"]
[SourceQuality "1"]

1. e4 e5 2. Nf3 Nc6 3. Bb5 a6 4. Ba4 Nf6 5. 0-0 Nxe4 6. Re1 Nc5 7. Bxc6 dxc6 8. Nxe5 Be7 9. d4 Ne6 10. c3 0-0 11. Nd2 c5 12. Nb3 cxd4 13. Nxd4 Nxd4 14. Qxd4 Qxd4 15. cxd4 Be6 16. Be3 Rad8 17. Rec1 c6 18. Nd3 Bf6 19. Ne5 Rd5 20. f4 Be7 21. a3 a5 22. Rc3 Rb5 23. Rc2 f6 24. Nf3 Bf5 25. Rd2 Be4 26. Kf2 Bxf3 27. Kxf3 f5 28. d5 cxd5 29. Rc1 Bf6 30. Rcc2 Rd8 31. Bd4 Bxd4 32. Rxd4 Rd7 33. b4 axb4 34. axb4 Kf7 35. g4 fxg4+ 36. Kxg4 Rb6 37. f5 g6 38. Rf2 Rf6 39. fxg6+ Kxg6 40. Re2 Kf7 1/2-1/2

[Event "San Francisco TNM Fall op"]
[Site "San Francisco"]
[Date "2013.12.10"]
[Round "8"]
[White "Steger, Eric Alan"]
[Black "Campers, William"]
[Result "1-0"]
[WhiteElo "1936"]
[BlackElo "1782"]
[PlyCount "61"]
[EventDate "2013.10.22"]
[EventType "swiss"]
[EventRounds "9"]
[EventCountry "USA"]
[SourceTitle "EXT 2016"]
[Source "ChessBase"]
[SourceDate "2015.10.08"]
[SourceVersion "1"]
[SourceVersionDate "2015.10.08"]
[SourceQuality "1"]

1. e4 e6 2. Nf3 d5 3. Nc3 d4 4. Ne2 c5 5. c3 d3 6. Nf4 Nf6 7. Bxd3 Qc7 8. e5 Nfd7 9. Qe2 Nc6 10. Bb5 a6 11. Bxc6 Qxc6 12. 0-0 b5 13. d4 Nb6 14. dxc5 Bxc5 15. Nd3 Be7 16. Nd4 Qc4 17. Bd2 Bb7 18. b3 Qd5 19. f3 Rd8 20. Kh1 b4 21. Nf4 Qd7 22. Rfd1 bxc3 23. Bxc3 Qc7 24. Rac1 Qb8 25. Ba5 Qa7 26. Rc7 Rxd4 27. Rxd4 Nd5 28. Nxd5 Qxd4 29. Rxe7+ Kf8 30. Rxb7 Qa1+ 31. Qe1 1-0

[Event "San Francisco TNM Fall op"]
[Site "San Francisco"]
[Date "2013.11.26"]
[Round "6"]
[White "Steger, Eric Alan"]
[Black "Krasnov, Steven Lender"]
[Result "0-1"]
[WhiteElo "1936"]
[BlackElo "1949"]
[PlyCount "44"]
[EventDate "2013.10.22"]
[EventType "swiss"]
[EventRounds "9"]
[EventCountry "USA"]
[SourceTitle "EXT 2016"]
[Source "ChessBase"]
[SourceDate "2015.10.08"]
[SourceVersion "1"]
[SourceVersionDate "2015.10.08"]
[SourceQuality "1"]

1. e4 e6 2. Nf3 d5 3. Nc3 Nf6 4. exd5 exd5 5. d4 Be7 6. Bd3 Bg4 7. Bf4 0-0 8. h3 Bxf3 9. Qxf3 Re8 10. 0-0-0 c6 11. g4 b5 12. g5 Nfd7 13. h4 Nf8 14. Ne2 Nbd7 15. Ng3 Ne6 16. Nf5 Nxf4 17. Qxf4 Nf8 18. Rde1 Ne6 19. Qg4 Bf8 20. Nh6+ gxh6 21. gxh6+ Kh8 22. Qf5 Bxh6+ 0-1

[Event "San Francisco TNM Fall op"]
[Site "San Francisco"]
[Date "2013.10.22"]
[Round "1"]
[White "Steger, Eric Alan"]
[Black "Chea, Na"]
[Result "1-0"]
[WhiteElo "1936"]
[BlackElo "1434"]
[PlyCount "107"]
[EventDate "2013.10.22"]
[EventType "swiss"]
[EventRounds "9"]
[EventCountry "USA"]
[SourceTitle "EXT 2016"]
[Source "ChessBase"]
[SourceDate "2015.10.08"]
[SourceVersion "1"]
[SourceVersionDate "2015.10.08"]
[SourceQuality "1"]

1. e4 c5 2. Nf3 d6 3. d4 cxd4 4. Nxd4 Nf6 5. Nc3 a6 6. Be2 b5 7. a3 e6 8. Be3 Bb7 9. f3 Be7 10. Qd2 Nc6 11. Nxc6 Bxc6 12. Rd1 0-0 13. 0-0 Qc7 14. Qe1 d5 15. exd5 Nxd5 16. Nxd5 Bxd5 17. Bd3 Bc4 18. Qf2 Bxd3 19. Rxd3 Rac8 20. c3 Bc5 21. Rfd1 Bxe3 22. Qxe3 Qc5 23. Kf2 Qxe3+ 24. Kxe3 h6 25. Rd6 Ra8 26. Rb6 Rfb8 27. Rdd6 Rxb6 28. Rxb6 g6 29. h4 Kg7 30. g4 g5 31. h5 Kf6 32. b3 Ra7 33. c4 bxc4 34. bxc4 Rc7 35. Kd4 Rd7+ 36. Kc3 Ke5 37. Rxa6 Kf4 38. c5 Rc7 39. Ra4+ Kxf3 40. Rc4 e5 41. c6 e4 42. Kd4 e3 43. Kd5 e2 44. Rc3+ Kf2 45. Rc2 Kf1 46. Rc1+ Kf2 47. Kd6 Rc8 48. Kd7 Ra8 49. c7 Ra7 50. Kd8 Ra8+ 51. c8Q Rxc8+ 52. Kxc8 e1Q 53. Rxe1 Kxe1 54. a4 1-0